Advances in informatics
Αποθηκεύτηκε σε:
| Άλλοι συγγραφείς: | , |
|---|---|
| Μορφή: | Βιβλίο |
| Γλώσσα: | English |
| Δημοσίευση: |
Singapore :
World Scientific,
2000
|
| Θέματα: | |
| Ετικέτες: |
Προσθήκη ετικέτας
Δεν υπάρχουν, Καταχωρήστε ετικέτα πρώτοι!
|
MARC
| LEADER | 00000cam a2200000 i 4500 | ||
|---|---|---|---|
| 001 | 1/14904 | ||
| 008 | 001218s2000 eng d | ||
| 020 | |a 981-02-4192-5 | ||
| 035 | |l 10065179 | ||
| 040 | |a GR-MY-UA |b gre |e aacr | ||
| 041 | 0 | |a eng | |
| 082 | 0 | |a 004 | |
| 245 | 1 | 0 | |a Advances in informatics / |c editors Dimitrios I. Fotiadis; Stavros D. Nikolopoulos |
| 260 | |a Singapore : |b World Scientific, |c 2000 | ||
| 300 | |a 346 p.; |b fig.; tables; |c 21 cm. | ||
| 504 | |a Includes bibliographical references and index | ||
| 650 | 0 | 0 | |a Information science |x Congresses. |
| 700 | 1 | |a Νικολόπουλος, Σταύρος Δ. |4 edt | |
| 700 | 1 | |4 edt |a Fotiadis, Dimitrios Ioannou. | |
| 852 | |a INST |b LESVOS |e 20001218 |h 004 ADV |p 005100027310 |q 005100027310 |t BK |y 0 | ||
| 852 | |a INST |b SAMOS |e 20031106 |h 004 ADV |p 005300023712 |q 005300023712 |t BK |y 0 | ||
| 901 | |a BIBL3-2003-3 | ||
| 901 | |a BIBL1-2000-3 | ||
| 909 | |a Σ |b 099326 | ||
| 909 | |a Λ |b 084099 | ||
| 970 | |a ΚΑΜΑΤΣΟΥ |b ΔΕΣΠΟΙΝΑ |z 2000/12/18 | ||